000 00516nam a2200145 a 4500
001 000038800
005 20240316073901.0
008 130424s2000 dr 000 0 spa d
040 _aDO-SdBNP
_bspa
_cBNPHU
100 1 _aLópez Azuán, Virgilio,
_d1959-
_964493
245 1 3 _aLa niña y otros recuerdos (cuentos) /
_cVirgilio López Azuán ; cuidado de la edición Tomás Castro Burdiez.
260 _aSanto Domingo :
_bMediabyte ,
_c2000.
300 _a104 p. : ;
_c21 cm.
700 _aCastro, Tomás,
_d1959-
_eed.
_924641
999 _c38290
_d38290